000 00976nabaa22001937a 4500
999 _c6133
_d6133
003 OSt
005 20260122223239.0
008 190701b xxu||||| |||| 00| 0 spa d
040 _cPJ
100 _96893
_aCalviño, María Teresa
245 1 3 _aEl principio de la buena administración en pandemia y pospandemia /
_cMaría Teresa Calviño.
300 _ap. 16-21
505 _aSumario: I. Introducción.— II. El principio de buena administración.— III. El contexto.— IV. El impacto en la Administración.— V. Im- plementación de trámites remotos.— VI. El impacto en la tramitación de títulos universitarios.— VII. Conclusiones.
505 _t¿Te interesa el texto completo? Comunicate al correo: koha@justierradelfuego.gov.ar
650 0 _9211
_aDERECHO ADMINISTRATIVO
650 0 _95233
_aPANDEMIA
773 0 _02842
_93251
_dBuenos Aires : AbeledoPerrot, 2012-
_oDA121
_tDerecho administrativo. Nº 149 septiembre/octubre 2023
_z18510590
942 _2udc
_cANA